[Event "Coppa del Mondo FIDE 2025"]
[Site "Goa"]
[Date "15.11.2025"]
[Round "4B"]
[White "Le, Quang Liem"]
[Black "Donchenko, Alexander"]
[Result "1/2-1/2"]
[WhiteTitle "GM"]
[BlackTitle "GM"]
[WhiteElo "2729"]
[BlackElo "2641"]
[WhiteFideId "12401137"]
[BlackFideId "24603295"]
[EventDate "2025.11.01"]
[EventType "k.o."]

1. d4 Nf6 2. c4 g6 3. g3 c6 4. Bg2 d5 5. Nf3 Bg7 6. cxd5 cxd5 7. Ne5 O-O 8. Nc3
Bf5 9. Bf4 Nc6 10. O-O Ne4 11. Rc1 Rc8 12. Nxe4 Bxe4 13. Bxe4 dxe4 14. Nxc6 Rxc6
15. Rxc6 bxc6 16. Be3 Qa5 17. Qb1 Qd5 18. Rd1 Rd8 19. Rd2 h5 20. h4 Kh7 21. b3
Bh6 22. Bxh6 Kxh6 23. Qc1 Kg7 24. Rc2 Qxd4 25. Kg2 Qd1 26. Qxd1 Rxd1 27. a4 Rd6
28. Rc4 f5 29. Rb4 Kf7 30. Rb7 Rd2 31. e3 Rb2 32. a5 Ke6 33. a6 c5 34. Kf1 Kd6
35. Ke1 c4 36. b4 c3 37. Kd1 Kc6 38. Rxa7 Kb6 39. Rxe7 Kxa6 40. Rc7 Rxf2 41.
Rxc3 Kb6 42. Rc5 Rg2 43. Re5 Rxg3 44. Ke2 Kc6 45. Kf2 Rg4 46. Rc5+ Kd6 47. Rc4
Rxh4 48. Kg2 Rg4+ 49. Kh2 Kd5 50. Rc5+ Kd6 51. Rc3 Rh4+ 52. Kg2 Rg4+ 53. Kh2 f4
54. exf4 Rxf4 55. b5 Kd5 56. Rb3 Kc4 57. Rb1 Rf7 58. Kg3 Rb7 59. Kf4 Rxb5 60.
Rg1 Kd3 61. Rg3+ Ke2 62. Rg2+ Kd3 63. Rg3+ Ke2 64. Rg2+ Kf1 65. Rxg6 Rb3 66.
Kxe4 h4 67. Rf6+ Kg2 68. Rg6+ Kf2 69. Rf6+ Ke2 70. Ra6 Rb4+ 71. Kf5 h3 72. Rh6
Rb3 73. Kg4 Kf2 74. Rxh3 Rxh3 75. Kxh3 1/2-1/2

[Event "Coppa del Mondo FIDE 2025"]
[Site "Goa"]
[Date "15.11.2025"]
[Round "4B"]
[White "Yakubboev, Nodirbek"]
[Black "Sargissian, Gabriel"]
[Result "1-0"]
[WhiteTitle "GM"]
[BlackTitle "GM"]
[WhiteElo "2689"]
[BlackElo "2616"]
[WhiteFideId "14203987"]
[BlackFideId "13300881"]
[EventDate "2025.11.01"]
[EventType "k.o."]

1. d4 d5 2. c4 e6 3. Nf3 Nf6 4. Nc3 Be7 5. Bf4 O-O 6. e3 c5 7. dxc5 Bxc5 8. Qc2
Nc6 9. a3 Qa5 10. O-O-O Be7 11. Kb1 a6 12. h4 Rd8 13. g4 dxc4 14. Bxc4 b5 15.
Bb3 Bb7 16. Ng5 Rxd1+ 17. Rxd1 Rd8 18. Rc1 b4 19. Nce4 Nxe4 20. Qxe4 Bxg5 21.
Bxg5 Rc8 22. a4 h6 23. Bf4 Nd8 24. Qd3 Rxc1+ 25. Kxc1 Bd5 26. Bc2 b3 27. Qh7+
Kf8 28. Bd6+ Ke8 29. Bd1 Nc6 30. Qxg7 Qxa4 31. Qf8+ Kd7 32. Ba3 Qc4+ 33. Kd2 e5
34. Qd6+ Kc8 35. Qc5 1-0

[Event "Coppa del Mondo FIDE 2025"]
[Site "Goa"]
[Date "15.11.2025"]
[Round "4B"]
[White "Grebnev, Aleksey"]
[Black "Esipenko, Andrey"]
[Result "1/2-1/2"]
[WhiteTitle "GM"]
[BlackTitle "GM"]
[WhiteElo "2617"]
[BlackElo "2681"]
[WhiteFideId "34189030"]
[BlackFideId "24175439"]
[EventDate "2025.11.01"]
[EventType "k.o."]

1. d4 d5 2. c4 dxc4 3. Nf3 Nf6 4. e3 e6 5. Bxc4 c5 6. O-O Qc7 7. Qe2 a6 8. dxc5
Bxc5 9. a3 b5 10. Bd3 Bb7 11. b4 Bd6 12. Bb2 Nbd7 13. Rc1 Qb8 14. Nbd2 O-O 15.
h3 Qd8 16. Rd1 Qe7 17. Rac1 Rac8 18. e4 e5 19. Qe3 Bb8 20. Bb1 Rxc1 21. Rxc1 Qe6
22. Bc2 Rc8 23. Bb3 Rxc1+ 24. Bxc1 Qc6 25. Bb2 h6 26. Qd3 Qd6 27. Qe3 Qc6 28.
Qd3 Qd6 29. Qe3 Qc6 30. Qd3 Qd6 1/2-1/2

[Event "Coppa del Mondo FIDE 2025"]
[Site "Goa"]
[Date "15.11.2025"]
[Round "4B"]
[White "Wei, Yi"]
[Black "Sevian, Samuel"]
[Result "1-0"]
[WhiteTitle "GM"]
[BlackTitle "GM"]
[WhiteElo "2753"]
[BlackElo "2701"]
[WhiteFideId "8603405"]
[BlackFideId "2040506"]
[EventDate "2025.11.01"]
[EventType "k.o."]

1. e4 e5 2. Nf3 Nc6 3. Nc3 Nf6 4. Bb5 Bb4 5. O-O O-O 6. Bxc6 dxc6 7. Nxe5 Bxc3
8. dxc3 Nxe4 9. Bf4 Nd6 10. Qf3 Bf5 11. Nxc6 Qd7 12. Nd4 Be4 13. Qg3 Nf5 14. Qg4
h5 15. Qh3 Rad8 16. Rae1 Nxd4 17. Qxd7 Rxd7 18. Rxe4 Ne6 19. Be3 Rd6 20. Re5 g6
21. f4 f5 22. c4 Rfd8 23. c5 Ra6 24. Re1 Kf7 25. Bf2 Rd7 26. Bh4 Nxf4 27. Re7+
Rxe7 28. Rxe7+ Kg8 29. Rxc7 Ne6 30. Rxb7 Nxc5 31. Rb8+ Kf7 32. Bf2 Na4 33. Rb7+
Ke6 34. Rxa7 Rxa7 35. Bxa7 Nxb2 36. Bd4 Nc4 37. h4 Kd5 38. c3 Nb2 39. Kf2 Ke4
40. Ke2 Kf4 41. Bf2 Ke4 42. Kd2 f4 43. Ke2 Na4 44. c4 Ke5 45. c5 Nc3+ 46. Kf3
Nxa2 47. c6 Kd6 48. Kxf4 Nc3 49. Be1 Nd5+ 50. Kg5 Kxc6 51. g3 Ne7 52. Kf6 Kd7
53. Kf7 Kd8 54. Bd2 Kd7 55. Bf4 Nd5 56. Kxg6 Ke6 57. Kxh5 Kf6 58. Bd2 Nc7 59.
Bc3+ Kf7 60. Kg5 Ne6+ 61. Kf5 Nc7 62. h5 Nd5 63. Bd4 Ne7+ 64. Kg5 Nd5 65. g4 Ne7
66. Bc5 Nd5 67. Kf5 Nf6 68. h6 Nd7 69. Bd6 Kg8 70. Kg6 Kh8 71. g5 Kg8 72. h7+
Kh8 73. Kf7 1-0

[Event "Coppa del Mondo FIDE 2025"]
[Site "Goa"]
[Date "15.11.2025"]
[Round "4B"]
[White "Harikrishna, Pentala"]
[Black "Martinez Alcantara, Jose Eduardo"]
[Result "1/2-1/2"]
[WhiteTitle "GM"]
[BlackTitle "GM"]
[WhiteElo "2690"]
[BlackElo "2644"]
[WhiteFideId "5007003"]
[BlackFideId "3805662"]
[EventDate "2025.11.01"]
[EventType "k.o."]

1. Nf3 d5 2. g3 Nc6 3. d4 Bf5 4. Bg2 Nb4 5. Na3 e6 6. O-O Be7 7. c3 Nc6 8. Qa4
Nf6 9. Bg5 Nd7 10. Bxe7 Nxe7 11. Nh4 c6 12. Nxf5 Nxf5 13. e4 Ne7 14. Qb3 Rb8 15.
exd5 exd5 16. Rfe1 O-O 17. Nc2 Nc8 18. Qa3 Nf6 19. b3 Qd6 20. Qa5 Qd8 21. Qc5
Qd6 22. Rad1 Re8 23. Qa5 Rxe1+ 24. Rxe1 a6 25. a4 Ne7 26. Qc5 Nc8 27. Qxd6 Nxd6
28. f3 a5 29. Bf1 Kf8 30. c4 b6 31. Kf2 h5 32. Rb1 Nde8 33. b4 axb4 34. Nxb4
dxc4 35. Bxc4 Ra8 1/2-1/2

[Event "Coppa del Mondo FIDE 2025"]
[Site "Goa"]
[Date "16.11.2025"]
[Round "4C"]
[White "Shankland, Sam"]
[Black "Dubov, Daniil"]
[Result "1-0"]
[WhiteTitle "GM"]
[BlackTitle "GM"]
[WhiteElo "2649"]
[BlackElo "2674"]
[WhiteFideId "2004887"]
[BlackFideId "24126055"]
[EventDate "2025.11.01"]
[EventType "k.o."]

1. d4 Nf6 2. c4 e6 3. Nf3 d5 4. Nc3 Be7 5. Bf4 O-O 6. e3 b6 7. Qc2 Ba6 8. cxd5
Nxd5 9. h4 Bxf1 10. Kxf1 Nxf4 11. exf4 Nd7 12. Rd1 c6 13. f5 exf5 14. Qxf5 Nf6
15. Ne5 Rc8 16. h5 Bb4 17. Rh3 Bxc3 18. bxc3 h6 19. c4 Re8 20. g4 Rc7 21. Re3
Qc8 22. Qxc8 Rcxc8 23. a4 Red8 24. Ke2 Nd7 25. f4 Nf8 26. d5 cxd5 27. cxd5 Rc2+
28. Kf3 Rd6 29. Rd4 Nh7 30. Nc4 Rd8 31. d6 Nf8 32. Re7 Ne6 33. Re4 a6 34. d7
Rc3+ 35. Ke2 Kf8 36. Re8+ Rxe8 37. dxe8=Q+ Kxe8 38. f5 b5 39. axb5 Rxc4 40. Rxc4
axb5 41. Rc8+ Nd8 42. Rc7 Kf8 43. g5 hxg5 44. Rc8 Ke7 45. Rxd8 Kxd8 46. f6 1-0

[Event "Coppa del Mondo FIDE 2025"]
[Site "Goa"]
[Date "16.11.2025"]
[Round "4C"]
[White "Le, Quang Liem"]
[Black "Donchenko, Alexander"]
[Result "0-1"]
[WhiteTitle "GM"]
[BlackTitle "GM"]
[WhiteElo "2729"]
[BlackElo "2641"]
[WhiteFideId "12401137"]
[BlackFideId "24603295"]
[EventDate "2025.11.01"]
[EventType "k.o."]

1. d4 Nf6 2. c4 g6 3. Nc3 d5 4. Nf3 Bg7 5. cxd5 Nxd5 6. e4 Nxc3 7. bxc3 c5 8.
Bb5+ Nc6 9. Rb1 O-O 10. d5 Ne5 11. O-O a6 12. Be2 Nxf3+ 13. Bxf3 b5 14. c4 bxc4
15. Be3 Qd6 16. Be2 c3 17. f4 e5 18. dxe6 Qxe6 19. e5 Qxa2 20. Rc1 Be6 21. Rxc3
c4 22. Bf3 Rad8 23. Qa1 Qxa1 24. Rxa1 Rb8 25. Rxa6 Rfc8 26. Kf2 Bf8 27. Bd4 Rb2+
28. Kg3 Bb4 29. Rc1 Rb3 30. Rb6 h5 31. Rb7 c3 32. Rc2 Rc4 33. Be3 Rb2 34. Rc1 c2
35. Kf2 Rb1 36. Be2 Rc3 37. Bd2 Bc5+ 38. Ke1 Rxb7 39. Bxc3 Bf5 0-1

[Event "Coppa del Mondo FIDE 2025"]
[Site "Goa"]
[Date "16.11.2025"]
[Round "4C"]
[White "Esipenko, Andrey"]
[Black "Grebnev, Aleksey"]
[Result "1-0"]
[WhiteTitle "GM"]
[BlackTitle "GM"]
[WhiteElo "2681"]
[BlackElo "2617"]
[WhiteFideId "24175439"]
[BlackFideId "34189030"]
[EventDate "2025.11.01"]
[EventType "k.o."]

1. e4 e5 2. Nf3 Nf6 3. Nxe5 d6 4. Nf3 Nxe4 5. Nc3 Nf6 6. d4 Be7 7. Bf4 O-O 8.
Qd2 a6 9. Bd3 Re8 10. O-O-O b5 11. h4 Bb7 12. h5 b4 13. Ne2 Nd5 14. Rh3 Nxf4 15.
Qxf4 Bxf3 16. Qxf3 Nd7 17. Ng3 Bg5+ 18. Kb1 Nf6 19. Qf5 Bh6 20. Ne4 Nxe4 21.
Bxe4 Rb8 22. Qxh7+ Kf8 23. Rf3 Qg5 24. Bg6 Ke7 25. Bxf7 Rf8 26. Qe4+ Kd8 27. Re1
Rh8 28. Be8 Kc8 29. Rf7 Rb7 30. Bc6 Rb6 31. Qe8+ Qd8 32. Qxd8+ Rxd8 33. d5 Kb8
34. f4 b3 35. c3 bxa2+ 36. Kxa2 1-0

[Event "Coppa del Mondo FIDE 2025"]
[Site "Goa"]
[Date "16.11.2025"]
[Round "4C"]
[White "Martinez Alcantara, Jose Eduardo"]
[Black "Harikrishna, Pentala"]
[Result "1/2-1/2"]
[WhiteTitle "GM"]
[BlackTitle "GM"]
[WhiteElo "2644"]
[BlackElo "2690"]
[WhiteFideId "3805662"]
[BlackFideId "5007003"]
[EventDate "2025.11.01"]
[EventType "k.o."]

1. e4 e5 2. Nf3 Nc6 3. Bb5 a6 4. Ba4 Nf6 5. O-O Be7 6. d3 b5 7. Bb3 d6 8. a3 O-O
9. Nc3 Na5 10. Ba2 Be6 11. Bg5 Bxa2 12. Rxa2 h6 13. Bxf6 Bxf6 14. b4 Nb7 15. Nd5
a5 16. Qb1 c6 17. Ne3 Qb6 18. c4 axb4 19. axb4 bxc4 20. Rxa8 Rxa8 21. dxc4 Ra4
22. Nc2 Qa7 23. Qb3 Ra2 24. Rb1 Bd8 25. Ne3 Ra3 26. Qd1 Qa4 27. Qxa4 Rxa4 28. h4
h5 29. g3 g6 30. Kg2 Kf8 31. Rb2 Ke8 32. Kh2 c5 33. b5 Ba5 34. Rb3 Ra2 35. Kg2
Bb4 36. Rd3 Ba5 37. Nd5 Rc2 38. Ne3 Ra2 39. Nd5 Rc2 40. Ne3 Ra2 1/2-1/2

[Event "Coppa del Mondo FIDE 2025"]
[Site "Goa"]
[Date "16.11.2025"]
[Round "4D"]
[White "Dubov, Daniil"]
[Black "Shankland, Sam"]
[Result "0-1"]
[WhiteTitle "GM"]
[BlackTitle "GM"]
[WhiteElo "2674"]
[BlackElo "2649"]
[WhiteFideId "24126055"]
[BlackFideId "2004887"]
[EventDate "2025.11.01"]
[EventType "k.o."]

1. Nf3 Nf6 2. c4 c5 3. d4 cxd4 4. Nxd4 d5 5. cxd5 Nxd5 6. e4 Nf6 7. Nc3 e5 8.
Bb5+ Bd7 9. Bxd7+ Qxd7 10. Nc2 Qxd1+ 11. Kxd1 Nc6 12. Bg5 Nd7 13. Ke2 Bc5 14.
Rhd1 f6 15. Be3 Bxe3 16. Nxe3 Nd4+ 17. Kf1 Nc5 18. Nf5 Nce6 19. Rac1 O-O 20. Nd5
Rad8 21. Nxd4 Nxd4 22. Ne7+ Kf7 23. Rc7 Ke8 24. Nd5 Rf7 25. Rc3 Rfd7 26. Rdc1
Kf7 27. h4 h5 28. g3 Nc6 29. Kg2 Ne7 30. Ne3 Nc6 31. Rb3 Nd4 32. Ra3 a6 33. Nd5
Rd6 34. Rc7+ R8d7 35. Rac3 Nc6 36. Rc8 Ne7 37. Nxe7 Kxe7 38. Rh8 Rd2 39. Rb3 b5
40. Rxh5 Re2 41. Ra3 Rd6 42. Rh8 Rxe4 43. Ra8 Ra4 44. Ra7+ Kf8 45. Rc3 Rc4 46.
Rxc4 bxc4 47. Rc7 Rb6 48. Rxc4 Rxb2 49. a3 Rb3 50. a4 Ra3 51. Kh3 Rf3 52. Kg2
Ra3 53. h5 Kf7 54. Kh3 Rf3 55. Rc7+ Kg8 56. Rc2 Kh7 57. Kg4 e4 58. Re2 Kh6 59.
Rxe4 Rxf2 60. Re6 Rc2 61. Rxa6 Rc4+ 62. Kf5 Kxh5 63. Ra5 Kh6 64. Ra7 Rc5+ 65.
Kf4 Rc4+ 66. Kf3 f5 67. a5 Ra4 68. a6 g6 69. Ke3 Kg5 70. Kd3 Kg4 71. Kc3 Kxg3
72. Kb3 Ra1 73. Kb4 f4 74. Kb5 g5 0-1

[Event "Coppa del Mondo FIDE 2025"]
[Site "Goa"]
[Date "16.11.2025"]
[Round "4D"]
[White "Donchenko, Alexander"]
[Black "Le, Quang Liem"]
[Result "0-1"]
[WhiteTitle "GM"]
[BlackTitle "GM"]
[WhiteElo "2641"]
[BlackElo "2729"]
[WhiteFideId "24603295"]
[BlackFideId "12401137"]
[EventDate "2025.11.01"]
[EventType "k.o."]

1. c4 g6 2. Nc3 Bg7 3. d4 c5 4. d5 Bxc3+ 5. bxc3 d6 6. e4 e5 7. f4 Qh4+ 8. g3
Qe7 9. Bd3 exf4 10. Bxf4 g5 11. Bd2 h5 12. Nf3 f6 13. Qa4+ Bd7 14. Qb3 Bh3 15.
Rg1 Nh6 16. O-O-O Bg4 17. e5 dxe5 18. Bg6+ Kf8 19. d6 Qd7 20. Bxg5 Bxf3 21. Bxf6
Rg8 22. Qb1 Qg4 23. Bh7 Nd7 24. Be7+ Kg7 25. h3 Qe6 26. Rdf1 e4 27. Bxg8 Nxg8
28. Qxb7 Rb8 29. Qd5 Qxd5 30. cxd5 Nxe7 31. dxe7 Kf7 32. d6 Ke6 33. Rxf3 exf3
34. Re1+ Kxd6 35. g4 hxg4 36. hxg4 Ne5 37. Kc2 f2 38. Rb1 Re8 0-1

[Event "Coppa del Mondo FIDE 2025"]
[Site "Goa"]
[Date "16.11.2025"]
[Round "4D"]
[White "Grebnev, Aleksey"]
[Black "Esipenko, Andrey"]
[Result "1/2-1/2"]
[WhiteTitle "GM"]
[BlackTitle "GM"]
[WhiteElo "2617"]
[BlackElo "2681"]
[WhiteFideId "34189030"]
[BlackFideId "24175439"]
[EventDate "2025.11.01"]
[EventType "k.o."]

1. Nf3 d5 2. b3 c5 3. e3 Nf6 4. Bb2 g6 5. Bb5+ Bd7 6. Be2 Bg7 7. c4 O-O 8. O-O
Nc6 9. cxd5 Nxd5 10. Bxg7 Kxg7 11. Qc2 b6 12. Qb2+ f6 13. Na3 e5 14. d3 Be6 15.
Nc4 Qe7 16. h3 Rfd8 17. a3 Rac8 18. Rfc1 Rc7 19. Ncd2 a5 20. Bf1 Rcd7 21. Nc4
Rb8 22. Ncd2 Nc7 23. Ne4 Ne8 24. Re1 Nd6 25. Ned2 Nf7 26. Rac1 Bd5 27. Be2 Ncd8
28. Ne4 Ne6 29. Nfd2 Ra7 30. Bf1 Rd7 31. Nc4 Ra7 32. Rc2 Neg5 33. Nc3 Bc6 34.
Rcc1 Ne6 35. Nd2 Rd7 36. Rb1 Bb7 37. Nc4 Bc6 38. Rbd1 Rdd8 39. Ne4 a4 40. bxa4
Bxa4 41. Rb1 b5 42. Ncd2 b4 43. Rec1 Qa7 44. Nc4 Bc6 45. axb4 cxb4 46. Nxe5 Bxe4
47. Nxf7 Rxd3 48. Ne5 Rd6 49. Ra1 Qe7 50. Nc4 Rdd8 51. Nd2 Bd5 52. Ra5 Nf8 53.
Rcc5 Bf7 54. Nf3 b3 55. Rc1 Ne6 56. Ra6 Rd6 57. Ra3 Rdb6 58. Ra4 R6b7 59. Rac4
Ra7 60. Rc6 Qa3 61. Qxa3 Rxa3 62. Rb1 Ng5 63. Nd4 Ne4 64. Rc7 Kg8 65. Nc6 Re8
66. Rb7 Nd2 67. Rd1 Nxf1 68. Kxf1 Ra6 69. Nd4 Bd5 70. Rb4 Rd8 71. Kg1 Raa8 72.
Nxb3 Bxb3 73. Rxd8+ Rxd8 74. Rxb3 h5 75. Rb7 h4 76. Kf1 Rd2 77. Ke1 Ra2 78. Rd7
g5 79. Rc7 Rb2 80. Ra7 Rc2 81. Rb7 Ra2 82. Rd7 Rb2 83. Rd2 Rb1+ 84. Ke2 Kf7 85.
Kf3 Rg1 86. Rd4 Kg6 87. Rd6 Kg7 88. Ra6 Kg6 89. Ra4 Kg7 90. Rb4 Kg6 91. Rg4 Kh6
92. Rc4 Kg6 93. Rc6 Kg7 94. e4 Kf7 95. Rc5 Kg6 96. Rf5 Ra1 97. Rd5 Ra3+ 98. Ke2
Ra2+ 99. Rd2 Ra4 100. Ke3 Ra3+ 101. Rd3 Ra2 102. Rd6 Kf7 103. Rd2 Ra3+ 104. Rd3
Ra2 105. Kf3 Rb2 106. Rd6 Ra2 107. Rd3 Kg6 108. g3 hxg3 109. Kxg3 Ra6 110. Rd1
Re6 111. f3 Ra6 112. h4 gxh4+ 113. Kxh4 Ra4 114. Rd5 Rb4 115. Kg4 Ra4 116. Kf4
Rb4 117. Rd6 Ra4 118. Kg3 Kf7 119. Kg4 Kg6 120. Rc6 Rb4 121. Kf4 Ra4 122. Rd6
Rb4 123. Ke3 Kf7 124. Rd4 Rb3+ 125. Rd3 Rb4 126. Rc3 f5 127. Rc7+ Ke6 128. Rc6+
Kd7 129. Rh6 fxe4 130. fxe4 Ke7 131. Kf4 Rb5 132. Rh7+ Ke6 133. Ra7 Rc5 134.
Ra6+ Ke7 135. e5 Rc1 136. Ra3 Rf1+ 137. Rf3 Rxf3+ 138. Kxf3 Ke6 139. Ke4 Ke7
140. Kd5 Kd7 141. e6+ Ke7 142. Ke5 Ke8 143. Kd6 Kd8 144. e7+ Ke8 145. Ke6 1/2-1/2

[Event "Coppa del Mondo FIDE 2025"]
[Site "Goa"]
[Date "16.11.2025"]
[Round "4D"]
[White "Harikrishna, Pentala"]
[Black "Martinez Alcantara, Jose Eduardo"]
[Result "1/2-1/2"]
[WhiteTitle "GM"]
[BlackTitle "GM"]
[WhiteElo "2690"]
[BlackElo "2644"]
[WhiteFideId "5007003"]
[BlackFideId "3805662"]
[EventDate "2025.11.01"]
[EventType "k.o."]

1. e4 c5 2. Nf3 d6 3. d4 cxd4 4. Nxd4 Nf6 5. Nc3 Nc6 6. Bg5 Bd7 7. Nb3 e6 8. Nb5
Qb8 9. Bxf6 gxf6 10. Qh5 a6 11. N5d4 Nxd4 12. Nxd4 Qc7 13. O-O-O Qc5 14. Qxc5
dxc5 15. Nb3 b6 16. Be2 Bc6 17. Bf3 Bh6+ 18. Kb1 Ke7 19. Nd2 Bb5 20. e5 Rad8 21.
exf6+ Kxf6 22. Ne4+ Ke7 23. Nc3 Bg7 24. Nxb5 axb5 25. c3 b4 26. Kc2 Rxd1 27.
Rxd1 Rd8 28. Rxd8 1/2-1/2

[Event "Coppa del Mondo FIDE 2025"]
[Site "Goa"]
[Date "16.11.2025"]
[Round "4E"]
[White "Le, Quang Liem"]
[Black "Donchenko, Alexander"]
[Result "0-1"]
[WhiteTitle "GM"]
[BlackTitle "GM"]
[WhiteElo "2729"]
[BlackElo "2641"]
[WhiteFideId "12401137"]
[BlackFideId "24603295"]
[EventDate "2025.11.01"]
[EventType "k.o."]

1. c4 c5 2. g3 Nc6 3. Bg2 g6 4. Nc3 Bg7 5. d3 Nf6 6. Nh3 a6 7. Nf4 Rb8 8. Rb1
O-O 9. O-O d6 10. a3 Bd7 11. b4 cxb4 12. axb4 b5 13. cxb5 axb5 14. d4 Re8 15. e3
Qc8 16. Qb3 e5 17. dxe5 dxe5 18. Nfd5 Bh3 19. Bb2 Bxg2 20. Kxg2 Nxd5 21. Nxd5
Qf5 22. Rbc1 Ne7 23. Rfd1 h5 24. h3 Rb7 25. Nxe7+ Rexe7 26. Rc5 Red7 27. Rcd5
Rbc7 28. Rxd7 Rxd7 29. Rxd7 Qxd7 30. Qc2 Qe7 31. Bc3 Qc7 32. Qd2 Qc4 33. Kg1 Bf6
34. Qb2 Qd5 35. Qe2 Qb3 36. Be1 Qb1 37. Kf1 e4 38. Kg2 Qc1 39. f3 exf3+ 40. Kxf3
Qc6+ 41. e4 Be5 42. Qd3 Qf6+ 43. Kg2 Qc6 44. Bf2 f5 45. Kf3 Kf7 46. Qd5+ Qxd5
47. exd5 Bd6 48. g4 hxg4+ 49. hxg4 fxg4+ 50. Kxg4 Bxb4 51. Bd4 Bd2 52. Kf3 Ke7
53. Bc5+ Kf6 54. Ke4 Bc3 55. Bb6 b4 56. Ba5 Ke7 57. Kd3 Kd6 58. Kc4 g5 59. Bd8
g4 60. Bh4 Ke5 61. Bg3+ Kf5 62. Bh4 Bf6 63. Be1 Be7 64. Bg3 Bf8 65. Bc7 Kf6 66.
Bg3 Kf7 67. Be5 Ke8 68. Bg3 Kd7 69. Bh4 Be7 70. Be1 Bd6 71. Kd3 Kc7 72. Kc4 Kd8
73. Bh4+ Ke8 74. Kd3 Kf7 75. Be1 Kg6 76. Ke4 g3 77. Kf3 b3 78. Bc3 Kf5 79. Bb2
Be5 80. Ba3 Kg6 81. Bc1 Kf7 82. Ba3 Ke8 83. Kg2 Kd7 84. Kf3 Kc7 85. Kg2 Kb6 86.
Kf3 Kb5 87. Bc1 Kc4 88. Ke4 Bd6 0-1

[Event "Coppa del Mondo FIDE 2025"]
[Site "Goa"]
[Date "16.11.2025"]
[Round "4E"]
[White "Harikrishna, Pentala"]
[Black "Martinez Alcantara, Jose Eduardo"]
[Result "0-1"]
[WhiteTitle "GM"]
[BlackTitle "GM"]
[WhiteElo "2690"]
[BlackElo "2644"]
[WhiteFideId "5007003"]
[BlackFideId "3805662"]
[EventDate "2025.11.01"]
[EventType "k.o."]

1. e4 c5 2. Nf3 d6 3. d4 cxd4 4. Nxd4 Nf6 5. Nc3 Nc6 6. Bg5 Bd7 7. Nxc6 bxc6 8.
Bc4 h6 9. Bd2 e6 10. Qe2 Be7 11. e5 dxe5 12. Qxe5 Qb8 13. Qxb8+ Rxb8 14. Bb3 c5
15. O-O-O Bc6 16. Ba4 Bxa4 17. Nxa4 c4 18. Bf4 Rb7 19. Rd4 Nd5 20. Bd2 Rc7 21.
Ba5 Rc6 22. Nc3 Bg5+ 23. Kb1 Bf6 24. Rd2 Bxc3 25. Bxc3 Nxc3+ 26. bxc3 Ke7 27.
Rhd1 Rb8+ 28. Kc1 Rb7 29. Rd4 Rbc7 30. Re1 Ra6 31. Ree4 Ra4 32. g4 g5 33. Kb2 f6
34. a3 Rc6 35. Re3 e5 36. Ree4 Rc8 37. Rd5 Ra6 38. Rb5 Rb6 39. Rb4 Ke6 40. Kc1
Rbc6 41. Re3 h5 42. gxh5 Rh8 43. Rh3 Kf5 44. Rb7 Kg4 45. Rg3+ Kf4 46. Rxa7 Rxh5
47. h3 f5 48. a4 Rhh6 49. Kd2 e4 50. a5 Ra6 51. Rf7 Rxa5 52. Ke2 Rh4 53. Rc7 Ra2
54. Rxc4 Rxc2+ 55. Kf1 g4 56. hxg4 Rh1+ 57. Kg2 Rcc1 58. Rf3+ Kxg4 59. Rg3+ Kh4 0-1

[Event "Coppa del Mondo FIDE 2025"]
[Site "Goa"]
[Date "16.11.2025"]
[Round "4F"]
[White "Donchenko, Alexander"]
[Black "Le, Quang Liem"]
[Result "0-1"]
[WhiteTitle "GM"]
[BlackTitle "GM"]
[WhiteElo "2641"]
[BlackElo "2729"]
[WhiteFideId "24603295"]
[BlackFideId "12401137"]
[EventDate "2025.11.01"]
[EventType "k.o."]

1. c4 g6 2. Nc3 Bg7 3. g3 c5 4. Bg2 Nc6 5. Nf3 d6 6. O-O Be6 7. d3 Qc8 8. Nd5
Nf6 9. e4 Rb8 10. Bg5 Nd7 11. Rb1 b5 12. b3 h6 13. Bd2 Bg4 14. h3 Bxf3 15. Qxf3
e6 16. Nc3 Nd4 17. Qd1 Qa6 18. a4 bxa4 19. bxa4 O-O 20. Nb5 Kh7 21. Bc3 Rb6 22.
a5 Rbb8 23. Nxd4 Bxd4 24. Qd2 Ne5 25. Bxd4 cxd4 26. f4 Nc6 27. Rxb8 Rxb8 28. f5
Ne5 29. Rf4 Qb7 30. Rh4 Qb1+ 31. Kh2 Nf3+ 32. Bxf3 Rb2 33. fxg6+ fxg6 34. Qxb2
Qxb2+ 35. Bg2 g5 36. Rg4 Qd2 37. e5 dxe5 38. Re4 Qxd3 39. Rxe5 Qxc4 40. Bf3 d3
41. Re1 Kg7 42. Bg4 e5 43. Kg2 e4 44. Kf2 Qd4+ 45. Re3 Kf6 46. Bd1 Qb2+ 47. Ke1
Qc3+ 0-1

[Event "Coppa del Mondo FIDE 2025"]
[Site "Goa"]
[Date "16.11.2025"]
[Round "4F"]
[White "Martinez Alcantara, Jose Eduardo"]
[Black "Harikrishna, Pentala"]
[Result "1/2-1/2"]
[WhiteTitle "GM"]
[BlackTitle "GM"]
[WhiteElo "2644"]
[BlackElo "2690"]
[WhiteFideId "3805662"]
[BlackFideId "5007003"]
[EventDate "2025.11.01"]
[EventType "k.o."]

1. e4 c6 2. Nf3 g6 3. d4 Na6 4. c4 Bg7 5. Nc3 d6 6. h3 c5 7. Be3 cxd4 8. Bxd4
Nf6 9. e5 dxe5 10. Bxe5 Qa5 11. Be2 O-O 12. O-O Rd8 13. Qe1 Qb6 14. Na4 Qe6 15.
b3 Bd7 16. Nc3 Bc6 17. Nb5 Bxb5 18. cxb5 Nc5 19. Bc4 Qf5 20. Qe3 Nd3 21. Rad1
Nxe5 22. Nxe5 e6 23. g4 Qc2 24. Rxd8+ Rxd8 25. Nxf7 Re8 26. Nd6 Re7 27. Nc8 Re8
28. Nd6 Re7 29. Nc8 Re8 30. Nd6 1/2-1/2

[Event "Coppa del Mondo FIDE 2025"]
[Site "Goa"]
[Date "16.11.2025"]
[Round "4G"]
[White "Le, Quang Liem"]
[Black "Donchenko, Alexander"]
[Result "1/2-1/2"]
[WhiteTitle "GM"]
[BlackTitle "GM"]
[WhiteElo "2729"]
[BlackElo "2641"]
[WhiteFideId "12401137"]
[BlackFideId "24603295"]
[EventDate "2025.11.01"]
[EventType "k.o."]

1. d4 Nf6 2. c4 g6 3. Nc3 d5 4. cxd5 Nxd5 5. e4 Nxc3 6. bxc3 Bg7 7. Nf3 c5 8.
Bb5+ Nc6 9. O-O O-O 10. Bxc6 bxc6 11. Qc2 Qa5 12. a4 Rd8 13. Rb1 cxd4 14. cxd4
Bg4 15. Ne5 Bxe5 16. dxe5 Qxe5 17. Bb2 Qa5 18. Bc3 Qc5 19. Qb2 Qc4 20. h3 Be6
21. Qb4 c5 22. Qxc4 Bxc4 23. Rfd1 Rxd1+ 24. Rxd1 Be6 25. Rb1 Kf8 26. Rb7 Ke8 27.
Rc7 c4 28. Bb4 Bd7 29. a5 Rb8 30. Rxc4 Be6 31. Rd4 Rd8 1/2-1/2

[Event "Coppa del Mondo FIDE 2025"]
[Site "Goa"]
[Date "16.11.2025"]
[Round "4H"]
[White "Donchenko, Alexander"]
[Black "Le, Quang Liem"]
[Result "1-0"]
[WhiteTitle "GM"]
[BlackTitle "GM"]
[WhiteElo "2641"]
[BlackElo "2729"]
[WhiteFideId "24603295"]
[BlackFideId "12401137"]
[EventDate "2025.11.01"]
[EventType "k.o."]

1. d4 Nf6 2. c4 e6 3. Nc3 Bb4 4. e3 O-O 5. Bd3 d5 6. a3 Bxc3+ 7. bxc3 dxc4 8.
Bxc4 c5 9. Ne2 Qc7 10. Ba2 b6 11. O-O Ba6 12. Re1 Rd8 13. Ng3 Nc6 14. Rb1 Rac8
15. Rb2 Na5 16. e4 cxd4 17. cxd4 Bc4 18. Bg5 Bxa2 19. Bxf6 gxf6 20. Rxa2 Qc3 21.
Rd2 Kh8 22. Rd3 Qc7 23. Qf3 Qe7 24. Nh5 Nc6 25. Red1 f5 26. exf5 e5 27. f6 Qf8
28. d5 Nd4 29. Qe4 Qd6 30. h3 Qxd5 31. Qg4 Rg8 32. Qg7+ Rxg7 33. fxg7+ Kg8 34.
Nf6+ Kxg7 35. Nxd5 Rc5 36. Ne3 Ra5 37. Nc4 Rc5 38. Nxe5 Ne2+ 39. Kf1 Rxe5 40.
Re1 Nf4 41. Rxe5 Nxd3 42. Re7 a6 43. Rb7 b5 44. Rb6 h6 45. Rxa6 b4 46. a4 b3 47.
Rb6 b2 48. a5 1-0